Normativní úprava finančního účetnictví a finančních (účetních) vykazů - národní úpravy.
Pri tvorbe účtovníckych noriem, účtovných osnov, smerníc, atď., sa musí rešpektovať celé ekonomické a právne prostredie. Článok sa obmedzuje na národnú úpravu účtovníctva v štátoch s tržným hospodárstvom, a to najmä v SRN a Francúzsku.
Salvato in:
| Autore principale: | |
|---|---|
| Natura: | Capitolo di libro |
| Lingua: | ceco |
| Soggetti: | |
| Tags: |
Nessun Tag, puoi essere il primo ad aggiungerne!!
|
MARC
| LEADER | 00000naa a2200000 4500 | ||
|---|---|---|---|
| 001 | r006799 | ||
| 005 | 20221125081444.8 | ||
| 041 | 0 | |a cze | |
| 044 | |a [CS] | ||
| 245 | 1 | 0 | |a Normativní úprava finančního účetnictví a finančních (účetních) vykazů - národní úpravy. |c R. Schroll |
| 520 | |a Pri tvorbe účtovníckych noriem, účtovných osnov, smerníc, atď., sa musí rešpektovať celé ekonomické a právne prostredie. Článok sa obmedzuje na národnú úpravu účtovníctva v štátoch s tržným hospodárstvom, a to najmä v SRN a Francúzsku. | ||
| 610 | 2 | 0 | |a účtovníctvo finančné |
| 610 | 2 | 0 | |a výkazy účtovné |
| 610 | 2 | 0 | |a normy |
| 610 | 2 | 0 | |a osnova účtová |
| 610 | 2 | 0 | |a smernice |
| 610 | 2 | 0 | |a hospodárstvo trhové |
| 610 | 2 | 0 | |a Nemecko |
| 610 | 2 | 0 | |a Francúzsko |
| 100 | 1 | |a Schroll, R. | |